zpět

Detail výsledku týmu

Metro Music Pub, Most

Datum a čas kvízu

14.5 Celkem bodů Celkový počet nahraných bodů na tomto kvízu bez doplňovacích otázek.
5. Pořadí na kvízu Konečné umístění týmu na tomto kvízu.

Zaznamenané odpovědi

# Otázka Odpověď Body Výsledky
1. Který sběratelský předmět byl... poštovní známka 0
2. V úterý se v jisté evropské mo... Španělsko, princezna Leonor 0
3. V uplynulém týdnu zveřejnila Č... Klíč svatého Petra 0
4. Minulý týden otevřel jistý ame... Popeye's 0
5. Minulý týden proběhlo předáván... Novak Djoković 1
-14. O které významné ženě 18. stol... o Marii Antoinettě 0
-13. Ze dřeva kterého stromu bývají... z dubového dřeva 0
-12. Jak se slovem začínajícím na p... enologie 0
-11. Seřaďte státy níže podle množs... 1B 2D 3C 4A 0
-10. Snaha zabránit plýtvání při zp... grappa 0